| 000 | 00593nam a2200241 a 4500 | ||
|---|---|---|---|
| 001 | nice12345678 | ||
| 003 | IN_TiNIC | ||
| 005 | 20260116012041.0 | ||
| 008 | 050524s1969 newa grp 000 0 eng | ||
| 020 |
_a _c177.75 |
||
| 082 | 0 | 0 |
_a231 _bELL |
| 100 | _aEller, Vernard | ||
| 245 |
_aHis End Up _b Getting God into a New Theology |
||
| 260 |
_aNew York _bAbingdon Press _c1969 |
||
| 300 | _a143p | ||
| 500 | _aincludes index and biblioraphy | ||
| 505 | 2 | _aIndex | |
| 650 | _aGod-Biblical Teaching | ||
| 700 | 1 | _aEller, Vernard | |
| 902 | _bSRS | ||
| 942 | _cBK | ||
| 999 |
_c5427 _d5427 |
||